000 00404pab a2200145 454500
008 180718b1990 xxu||||| |||| 00| 0 eng d
100 _aSchott, Kerry
245 _aCompetitive markets and the provision of public services
260 _c1990
300 _a113-23
362 _aJun.
650 _aGovernment Enterprise - Australia
773 _aAustralian Journal of Public Administration
909 _a9519
999 _c9519
_d9519